The body and society : men, women and sexual renunciation in early christianity
Αποθηκεύτηκε σε:
| Κύριος συγγραφέας: | |
|---|---|
| Μορφή: | Βιβλίο |
| Γλώσσα: | English |
| Δημοσίευση: |
New York :
Columbia University Press,
1988
|
| Σειρά: | Lectures on the history of religions ;
; 13 |
| Θέματα: | |
| Ετικέτες: |
Προσθήκη ετικέτας
Δεν υπάρχουν, Καταχωρήστε ετικέτα πρώτοι!
|
MARC
| LEADER | 00000nam a2200000 i 4500 | ||
|---|---|---|---|
| 001 | 1/100368 | ||
| 008 | 950417s1988 eng d | ||
| 020 | |a 0-231-06101-3 | ||
| 035 | |l 10011672 | ||
| 040 | |a GR-MY-UA |b gre |e aacr | ||
| 041 | 0 | |a eng | |
| 082 | 0 | |a 253.2 | |
| 100 | 1 | |a Brown, Peter Robert Lamont. | |
| 245 | 1 | 4 | |a The body and society : |b men, women and sexual renunciation in early christianity / |c Peter Brown |
| 260 | |a New York : |b Columbia University Press, |c 1988 | ||
| 300 | |a 504 p. | ||
| 490 | 1 | |a Lectures on the history of religions |v ; 13 | |
| 504 | |a Bibliography: p.449-504. Includes index | ||
| 650 | 0 | 0 | |a Celibacy |x Christianity |x History of doctrines |y Early church, ca. 30-600. |
| 650 | 0 | 0 | |a Virginity |x Religious aspects |x Christianity |x History of doctrines |y Early church, ca. 30-600. |
| 650 | 0 | 0 | |a Sex |x Religious aspects |x Christianity |x History of doctrines |y Early church, ca. 30-600. |
| 650 | 0 | 0 | |a Asceticism |x History |y Early church, ca. 30-600. |
| 830 | 0 | |a Lectures on the history of religions ; |v ; 13 | |
| 852 | |a INST |b LESVOS |e 19950417 |h 253.2 BRO |p 005100001498 |q 005100001498 |t BK |y 0 | ||
| 909 | |a Λ |b 035760 | ||